Statistiken für Fußball: Deutsche Meister der Frauen

Klicken Sie hier um das Quiz zu spielen!

Allgemein

  • Dieses Quiz wurde 191 mal gespielt
  • Das Durchschnittsergebnis liegt bei 6 aus 14

Antwortstatistiken

AnzahlZeitraumVerein% Korrekt
51976–2023FC Bayern München
100%
72013–2022VfL Wolfsburg
98%
71999–20081. FFC Frankfurt
91%
31986–1998FSV Frankfurt
91%
62004-20121. FFC Turbine Potsdam
82%
12000FCR Duisburg
58%
11985KBC Duisburg
58%
61987–1996TSV Siegen
11%
91977–1989SSG Bergisch Gladbach
10%
11997Grün-Weiß Brauweiler
8%
11975Bonner SC
6%
11978SC 07 Bad Neuenahr
6%
11993TuS Niederkirchen
5%
11974TuS Wörrstadt
5%

Verteilung der Resultate

Perzentil nach korrekt beantworteten Fragen

Anzahl Personen mit jedem Resultat

Ihre Resultats-Entwicklung

Sie haben dieses Quiz noch nicht gespielt